[Event "63rd ch-RUS w 2013"]
[Site "Nizhny Novgorod RUS"]
[Date "2013.10.05"]
[Round "1.4"]
[White "Bodnaruk, Anastasia"]
[Black "Kashlinskaya, Alina"]
[Result "0-1"]
[WhiteTitle "IM"]
[BlackTitle "WGM"]
[WhiteElo "2459"]
[BlackElo "2435"]
[WhiteFideId "4181751"]
[BlackFideId "4198026"]
[EventDate "2013.10.05"]

1. e4 e5 2. Nf3 Nf6 3. Nxe5 d6 4. Nf3 Nxe4 5. d4 d5 6. Bd3 Nc6 7. O-O Be7 8. Nc3
Bf5 9. Re1 Nxc3 10. bxc3 Bxd3 11. Qxd3 O-O 12. c4 dxc4 13. Qxc4 Re8 14. Rb1 Bf6
15. Rxe8+ Qxe8 16. d5 Nd4 17. Be3 Nxf3+ 18. gxf3 Qc8 19. Bf4 c6 20. d6 Qd7 21.
Re1 g5 22. Bg3 h5 23. h4 gxh4 24. Bh2 Kh8 25. Qf4 Rg8+ 26. Kh1 Rg6 27. Rg1 Kg7
28. Qe4 Rxg1+ 29. Kxg1 Qe6 30. c4 Qxe4 31. fxe4 Bd4 32. Kg2 Kf6 33. f4 b5 34.
e5+ Ke6 35. cxb5 cxb5 36. Kf3 f5 37. exf6 Bxf6 38. Ke4 Kxd6 39. Kf5 Ke7 40. Kg6
a5 41. Kxh5 b4 42. Kg4 a4 43. Bg1 Kd6 44. Be3 b3 45. axb3 a3 0-1

[Event "63rd ch-RUS w 2013"]
[Site "Nizhny Novgorod RUS"]
[Date "2013.10.05"]
[Round "1.5"]
[White "Pogonina, Natalija"]
[Black "Kovalevskaya, Ekaterina"]
[Result "1/2-1/2"]
[WhiteTitle "WGM"]
[BlackTitle "IM"]
[WhiteElo "2485"]
[BlackElo "2410"]
[WhiteFideId "4147855"]
[BlackFideId "4116704"]
[EventDate "2013.10.05"]

1. d4 d5 2. c4 e6 3. Nf3 c5 4. cxd5 exd5 5. g3 Nc6 6. Bg2 cxd4 7. Nxd4 Qb6 8.
Nf3 Bb4+ 9. Nbd2 Nf6 10. O-O O-O 11. Nb3 Re8 12. Bg5 Be7 13. Be3 Qa6 14. Nbd4
Bd7 15. a3 Rac8 16. Nxc6 bxc6 17. b4 c5 18. bxc5 Bxc5 19. Bxc5 Rxc5 20. Qd4 Rec8
21. Ne5 Bf5 22. e3 h6 23. h4 Qe6 24. Rfd1 Qe7 25. Bf1 Rc2 26. Qf4 Be4 27. Nd3
Bxd3 28. Bxd3 R2c3 29. Bf5 Re8 30. a4 g6 31. Bd3 Kg7 32. a5 Rec8 33. a6 R8c7 34.
Rab1 Qd7 35. Qd4 Ra3 36. Rdc1 Rxc1+ 37. Rxc1 Qe7 38. Rb1 Qc7 39. Bf1 Qc2 40. Rb7
Qc1 41. Rxa7 Ra1 42. Qd3 Qe1 43. e4 Nxe4 44. Rxf7+ Kxf7 45. Qxd5+ Kf6 46. Qc6+
Ke7 47. Qc7+ Ke6 48. Qc8+ Kd6 49. Qb8+ Kc5 50. Qb5+ Kd6 51. Qb6+ Kd7 52. Qb5+
Kd6 53. Qb6+ Kd7 1/2-1/2

[Event "63rd ch-RUS w 2013"]
[Site "Nizhny Novgorod RUS"]
[Date "2013.10.06"]
[Round "2.3"]
[White "Kashlinskaya, Alina"]
[Black "Gunina, Valentina"]
[Result "0-1"]
[WhiteTitle "WGM"]
[BlackTitle "GM"]
[WhiteElo "2435"]
[BlackElo "2506"]
[WhiteFideId "4198026"]
[BlackFideId "4167570"]
[EventDate "2013.10.05"]

1. d4 d5 2. c4 c6 3. Nf3 Nf6 4. Nc3 dxc4 5. a4 Bf5 6. e3 e6 7. Bxc4 Bb4 8. O-O
Nbd7 9. Qe2 O-O 10. e4 Bg6 11. Bd3 Bh5 12. e5 Nd5 13. Nxd5 cxd5 14. Qe3 Bg6 15.
Bxg6 fxg6 16. Ng5 Re8 17. a5 Bxa5 18. Qf3 Nf8 19. Qf7+ Kh8 20. Qf4 Kg8 21. Nf7
Qc7 22. Nd6 Re7 23. Bd2 Bb6 24. Bb4 Qd8 25. h4 Rc7 26. Rac1 h6 27. Rxc7 Qxc7 28.
Rc1 Qd7 29. Rc3 Nh7 30. Qg4 Rf8 31. Nb5 h5 32. Qxg6 a6 33. Bxf8 Nxf8 34. Qxh5
Qxb5 35. Rf3 Qd7 36. Qg4 Qa4 37. Qf4 Qe8 38. h5 Bd8 39. h6 Ng6 40. Qc1 Nh4 41.
Rb3 Qd7 42. hxg7 Nf5 43. Qc5 Kxg7 44. Qa7 Kg6 45. g4 Nh4 46. Rxb7 Qc8 47. Rg7+
Kh6 48. Rh7+ Kg5 49. Qg7+ Kf4 50. Qh6+ Bg5 51. Rf7+ Kxg4 52. Qf8 Qc1+ 0-1

[Event "63rd ch-RUS w 2013"]
[Site "Nizhny Novgorod RUS"]
[Date "2013.10.06"]
[Round "2.5"]
[White "Charochkina, Daria"]
[Black "Bodnaruk, Anastasia"]
[Result "1/2-1/2"]
[WhiteTitle "WGM"]
[BlackTitle "IM"]
[WhiteElo "2343"]
[BlackElo "2459"]
[WhiteFideId "4180917"]
[BlackFideId "4181751"]
[EventDate "2013.10.05"]

1. d4 Nf6 2. c4 e6 3. Nc3 Bb4 4. Qc2 O-O 5. a3 Bxc3+ 6. Qxc3 b6 7. Bg5 Bb7 8. e3
d6 9. f3 Nbd7 10. Bd3 c5 11. dxc5 Nxc5 12. Bc2 e5 13. Ne2 Rc8 14. Rd1 Ne6 15.
Bxf6 Qxf6 16. O-O d5 17. Qd3 e4 18. fxe4 dxe4 19. Qb3 Qe5 20. Ng3 Nc5 21. Qa2 g6
22. b4 Ne6 23. Rd7 Bc6 24. Rxa7 Qb8 25. Re7 Qd6 26. Ra7 Qd2 27. Qb3 Nd4 28. exd4
e3 29. Be4 e2 30. Nxe2 Bxe4 31. Qh3 Rxc4 32. Raxf7 Rxf7 33. Rxf7 Kxf7 34. Qd7+
Kf6 35. Qd6+ Kf7 36. Qd7+ Kf8 37. Qd8+ Kf7 38. Qd7+ Kf6 39. Qd6+ Kf7 40. Qd7+
Kf6 41. Qd6+ Kf7 42. Qd7+ 1/2-1/2

[Event "63rd ch-RUS w 2013"]
[Site "Nizhny Novgorod RUS"]
[Date "2013.10.07"]
[Round "3.1"]
[White "Kovanova, Baira"]
[Black "Kashlinskaya, Alina"]
[Result "1-0"]
[WhiteTitle "WGM"]
[BlackTitle "WGM"]
[WhiteElo "2396"]
[BlackElo "2435"]
[WhiteFideId "4164083"]
[BlackFideId "4198026"]
[EventDate "2013.10.05"]

1. e4 e5 2. Nf3 Nc6 3. Bb5 a6 4. Ba4 Nf6 5. O-O Be7 6. Re1 b5 7. Bb3 O-O 8. a4
b4 9. a5 d6 10. d3 Rb8 11. Nbd2 Be6 12. Nc4 Qc8 13. h3 h6 14. Be3 Nd7 15. Qe2
Bf6 16. Ba4 Qb7 17. Nfd2 Nd4 18. Bxd4 exd4 19. Bxd7 Bxd7 20. b3 Qb5 21. f4 Rbe8
22. Qf2 Bc6 23. Nf3 d5 24. Nce5 Bxe5 25. fxe5 dxe4 26. Nxd4 Qb7 27. Nxc6 Qxc6
28. Rxe4 f5 29. Rc4 Qb7 30. d4 f4 31. Qf3 Qa7 32. Re1 Rd8 33. Re4 Rd5 34. Rxf4
Rfd8 35. Kh2 c5 36. Rf8+ 1-0

[Event "63rd ch-RUS w 2013"]
[Site "Nizhny Novgorod RUS"]
[Date "2013.10.08"]
[Round "4.1"]
[White "Bodnaruk, Anastasia"]
[Black "Gunina, Valentina"]
[Result "0-1"]
[WhiteTitle "IM"]
[BlackTitle "GM"]
[WhiteElo "2459"]
[BlackElo "2506"]
[WhiteFideId "4181751"]
[BlackFideId "4167570"]
[EventDate "2013.10.05"]

1. e4 c6 2. d4 d5 3. e5 Bf5 4. Nf3 e6 5. Be2 Ne7 6. O-O c5 7. c4 Nbc6 8. Na3 Be4
9. dxc5 Nf5 10. cxd5 Bxd5 11. Qc2 Qa5 12. Nb5 Bxf3 13. Bd2 Bxe2 14. Nd6+ Bxd6
15. Bxa5 Nfd4 16. Qd2 Bxe5 17. Rfe1 Bf6 18. Bc7 Bh5 19. Rac1 O-O 20. b4 Nb5 21.
Qd7 Nxc7 22. Qxc7 Rab8 23. b5 Nd4 24. Qa5 Ne2+ 25. Rxe2 Bxe2 26. c6 bxc6 27.
bxc6 Rfc8 28. Qxa7 Ra8 29. Qb7 Ba6 30. Qb6 Bg5 31. Rd1 Be2 32. Re1 Bc4 33. f4
Bd8 34. Qb7 Bd5 35. Rc1 Rcb8 36. Qd7 Bb6+ 37. Kf1 Rxa2 38. c7 Bxg2+ 39. Ke1 Bf2+
40. Kd1 Bf3# 0-1

[Event "63rd ch-RUS w 2013"]
[Site "Nizhny Novgorod RUS"]
[Date "2013.10.08"]
[Round "4.3"]
[White "Charochkina, Daria"]
[Black "Kovanova, Baira"]
[Result "0-1"]
[WhiteTitle "WGM"]
[BlackTitle "WGM"]
[WhiteElo "2343"]
[BlackElo "2396"]
[WhiteFideId "4180917"]
[BlackFideId "4164083"]
[EventDate "2013.10.05"]

1. e4 e5 2. Nf3 Nc6 3. Bc4 Nf6 4. Ng5 d5 5. exd5 Na5 6. Bb5+ c6 7. dxc6 bxc6 8.
Bd3 Nd5 9. Nf3 Bd6 10. Nc3 O-O 11. O-O f5 12. Nxd5 cxd5 13. Be2 e4 14. Nd4 f4
15. f3 Qb6 16. c3 Nc6 17. Qa4 Bc5 18. fxe4 Nxd4 19. cxd4 Bxd4+ 20. Kh1 f3 21.
Rxf3 Bg4 22. d3 Bxf3 23. Bxf3 Rae8 24. Qd1 dxe4 25. dxe4 Kh8 26. a4 Qf6 27. Bg5
Qe5 28. Bh4 Bxb2 29. Rb1 Rc8 30. Bf2 Rfd8 31. Qe2 Bd4 32. Bh4 Re8 33. Rd1 Bb6
34. Bg3 Qg5 35. Qb2 Rc4 36. Qa3 Rec8 37. Rf1 Rc1 38. Bd1 Qf6 39. Qd3 Rd8 40.
Rxf6 Rxd1+ 41. Qf1 gxf6 42. Be1 Bd4 0-1

[Event "63rd ch-RUS w 2013"]
[Site "Nizhny Novgorod RUS"]
[Date "2013.10.08"]
[Round "4.4"]
[White "Kashlinskaya, Alina"]
[Black "Pogonina, Natalija"]
[Result "1/2-1/2"]
[WhiteTitle "WGM"]
[BlackTitle "WGM"]
[WhiteElo "2435"]
[BlackElo "2485"]
[WhiteFideId "4198026"]
[BlackFideId "4147855"]
[EventDate "2013.10.05"]

1. e4 e5 2. Nf3 Nc6 3. d4 exd4 4. Nxd4 Bc5 5. Nb3 Bb6 6. Nc3 Nf6 7. Qe2 O-O 8.
Be3 Bxe3 9. Qxe3 a5 10. O-O-O a4 11. Nd4 a3 12. b3 Re8 13. Bb5 Qe7 14. Rhe1 Qc5
15. Nf5 Qxe3+ 16. Nxe3 Nb4 17. Rd4 Nc6 18. Rdd1 Nb4 19. f3 Kf8 20. Kb1 b6 21. g4
Re5 22. Rd4 Nc6 23. Rc4 Bb7 24. f4 Rc5 25. Rxc5 bxc5 26. e5 Ne8 27. Nc4 d6 28.
Ba4 Rd8 29. Nxa3 d5 30. Bb5 Ra8 31. Na4 c4 32. Kb2 Nb4 33. Bxe8 Kxe8 34. Nb5 Kd8
35. a3 cxb3 36. axb4 Rxa4 37. Kxb3 Ra6 38. Nd4 Bc8 39. f5 Rh6 40. Re2 Rh4 41.
Nc6+ Ke8 42. e6 fxe6 43. Na7 Bb7 44. Nb5 Rxg4 45. Nxc7+ Kd7 46. Nxe6 Kd6 47. b5
Bc8 48. c3 g6 49. b6 gxf5 50. Nd8 Rg7 51. Ra2 Rd7 52. Ra8 Ba6 53. Rxa6 Rxd8 54.
b7+ Kc7 55. Rf6 Kxb7 56. Rxf5 Rd7 57. Kb4 d4 58. cxd4 1/2-1/2

[Event "63rd ch-RUS w 2013"]
[Site "Nizhny Novgorod RUS"]
[Date "2013.10.08"]
[Round "4.5"]
[White "Goryachkina, Aleksandra"]
[Black "Kovalevskaya, Ekaterina"]
[Result "1/2-1/2"]
[WhiteTitle "WGM"]
[BlackTitle "IM"]
[WhiteElo "2436"]
[BlackElo "2410"]
[WhiteFideId "4147103"]
[BlackFideId "4116704"]
[EventDate "2013.10.05"]

1. d4 d5 2. c4 e6 3. Nf3 c5 4. cxd5 exd5 5. g3 Nc6 6. Bg2 Nf6 7. O-O Be7 8. Nc3
O-O 9. b3 Re8 10. Bb2 cxd4 11. Nxd4 Bg4 12. h3 Bh5 13. Rc1 Rc8 14. g4 Bg6 15.
Nxc6 bxc6 16. e3 Bf8 17. Ne2 h6 18. Nf4 Be4 19. Bxe4 Nxe4 20. Kg2 Bd6 21. Ne2
Bb8 22. Nd4 c5 23. Nf5 g6 24. Nxh6+ Kh7 25. Nxf7 Qc7 26. Qxd5 Qh2+ 27. Kf3 Re7
28. Ng5+ Nxg5+ 29. Qxg5 Rf7+ 30. Ke2 Bg3 31. Kd3 Bxf2 32. Qd5 Re7 33. Be5 Rxe5
34. Qf7+ Kh6 35. Rxf2 Rd8+ 36. Kc2 Qg3 37. Rd1 Rxd1 38. Qf8+ Kg5 39. Qf4+ Kh4
40. Kxd1 Qxe3 41. Qf6+ g5 42. Rd2 Re4 43. Qh6+ Kg3 44. Qd6+ Kh4 45. Qh6+ Kg3 46.
Qd6+ 1/2-1/2

[Event "63rd ch-RUS w 2013"]
[Site "Nizhny Novgorod RUS"]
[Date "2013.10.09"]
[Round "5.3"]
[White "Kovanova, Baira"]
[Black "Bodnaruk, Anastasia"]
[Result "1/2-1/2"]
[WhiteTitle "WGM"]
[BlackTitle "IM"]
[WhiteElo "2396"]
[BlackElo "2459"]
[WhiteFideId "4164083"]
[BlackFideId "4181751"]
[EventDate "2013.10.05"]

1. Nf3 Nf6 2. c4 g6 3. b3 Bg7 4. Bb2 c5 5. e3 O-O 6. Be2 b6 7. O-O Bb7 8. d3 Nc6
9. a3 d5 10. cxd5 Qxd5 11. Qc2 Rac8 12. Rd1 e5 13. Nbd2 h6 14. Rac1 Qe6 15. Bf1
Nd5 16. Qb1 Kh8 17. Qa1 f6 18. Qb1 f5 19. Qa1 f4 20. Re1 fxe3 21. fxe3 Qe7 22.
Ne4 Rce8 23. Nfd2 Kh7 24. g3 Rd8 25. Bg2 Nc7 26. Qb1 Qd7 27. Bf1 Ne7 28. Qa1 Nc6
29. b4 cxb4 30. axb4 Qe7 31. Qa4 b5 32. Qb3 Nd5 33. Nc5 Bc8 34. Bg2 Ndxb4 35.
Bxc6 Nxc6 36. Qxb5 Qe8 37. Nde4 Nd4 38. Qxe8 Nf3+ 39. Kh1 Rdxe8 40. Rf1 Bh3 41.
Rf2 Rc8 42. Rfc2 Ng5 43. Nf2 Rxc5 44. Nxh3 Nxh3 45. Rxc5 Nf2+ 46. Kg2 Nxd3 47.
Ba3 Nxc1 48. Rxc1 Rf7 49. Rc6 1/2-1/2

[Event "63rd ch-RUS w 2013"]
[Site "Nizhny Novgorod RUS"]
[Date "2013.10.09"]
[Round "5.4"]
[White "Kovalevskaya, Ekaterina"]
[Black "Kashlinskaya, Alina"]
[Result "1/2-1/2"]
[WhiteTitle "IM"]
[BlackTitle "WGM"]
[WhiteElo "2410"]
[BlackElo "2435"]
[WhiteFideId "4116704"]
[BlackFideId "4198026"]
[EventDate "2013.10.05"]

1. e4 e5 2. Nf3 Nc6 3. Nc3 Nf6 4. g3 Bc5 5. Bg2 d6 6. d3 a6 7. O-O O-O 8. h3 h6
9. Kh2 Be6 10. Be3 Bxe3 11. fxe3 d5 12. exd5 Nxd5 13. Nxd5 Bxd5 14. c4 Bxf3 15.
Bxf3 Ne7 16. Qe2 c6 17. d4 exd4 18. exd4 Nf5 19. d5 Qb6 20. Qf2 c5 21. Rae1 Nd6
22. b3 a5 23. Bd1 a4 24. Bc2 axb3 25. axb3 Qb4 26. Re2 b5 27. cxb5 Qxb5 28. Rfe1
c4 29. bxc4 Qxc4 30. Qf4 Qxf4 31. gxf4 Ra5 32. Rd2 Rc8 33. Rg1 Kf8 34. Bb1 Rc3
35. Rg3 Rc1 36. Rb3 Ra4 37. f5 Ra1 38. Bd3 Ra8 39. Rf2 Rc5 40. f6 Rxd5 41. fxg7+
Kxg7 42. Bb1 Ra1 43. Rd3 Rxd3 44. Bxd3 Ra3 45. Rg2+ Kf6 46. Bf1 Rf3 47. Be2 Re3
48. Bh5 Ke5 49. Rg7 Ra3 50. Rh7 Ra2+ 51. Kg1 f5 52. Rxh6 Ne4 53. Rb6 Kf4 54. Rb3
Kg5 55. Bf3 Nd2 56. Rd3 Nxf3+ 1/2-1/2

[Event "63rd ch-RUS w 2013"]
[Site "Nizhny Novgorod RUS"]
[Date "2013.10.11"]
[Round "6.2"]
[White "Bodnaruk, Anastasia"]
[Black "Pogonina, Natalija"]
[Result "0-1"]
[WhiteTitle "IM"]
[BlackTitle "WGM"]
[WhiteElo "2459"]
[BlackElo "2485"]
[WhiteFideId "4181751"]
[BlackFideId "4147855"]
[EventDate "2013.10.05"]

1. e4 e5 2. Nf3 Nc6 3. Bb5 Nf6 4. d3 Bc5 5. c3 O-O 6. O-O Re8 7. d4 Bb6 8. Bg5
h6 9. Bxf6 Qxf6 10. Bxc6 dxc6 11. Nxe5 c5 12. dxc5 Bxc5 13. Nd3 Bb6 14. Nd2 Rd8
15. Nc4 Be6 16. Nce5 c5 17. b3 c4 18. bxc4 Bc7 19. f4 Bxe5 20. fxe5 Qe7 21. Qf3
Bxc4 22. Rfd1 Rac8 23. Nb2 Rxd1+ 24. Qxd1 Rd8 25. Qf3 Qc5+ 26. Kh1 Be6 27. a4
Rd2 28. Nd1 b6 29. h3 Bb3 30. Ne3 Qxc3 31. Re1 Rxg2 32. Kxg2 Qxe1 33. Nf5 Qd2+
34. Kg3 Bd1 35. Qf1 Qg5+ 36. Kh2 Bxa4 37. h4 Qd2+ 38. Kg3 Bd7 39. Ne7+ Kf8 40.
Nd5 Be6 41. Qc4 Kg8 42. Qc7 Qd3+ 43. Kf2 Qxe4 44. Ne7+ Kh7 45. Qd8 Qxh4+ 46. Ke3
f5 47. Qd6 Qc4 48. Kf3 b5 49. Kf2 b4 50. Nc6 b3 51. Nd8 b2 0-1

[Event "63rd ch-RUS w 2013"]
[Site "Nizhny Novgorod RUS"]
[Date "2013.10.11"]
[Round "6.3"]
[White "Gunina, Valentina"]
[Black "Kovanova, Baira"]
[Result "1-0"]
[WhiteTitle "GM"]
[BlackTitle "WGM"]
[WhiteElo "2506"]
[BlackElo "2396"]
[WhiteFideId "4167570"]
[BlackFideId "4164083"]
[EventDate "2013.10.05"]

1. d4 Nf6 2. c4 e6 3. Nc3 Bb4 4. Qc2 O-O 5. Nf3 d5 6. cxd5 exd5 7. Bg5 c5 8. e3
cxd4 9. Nxd4 Nc6 10. Rd1 h6 11. Bh4 g5 12. Bg3 Ne4 13. f3 Nxc3 14. bxc3 Nxd4 15.
exd4 Bd6 16. Bd3 Re8+ 17. Kf2 Qc7 18. Qb3 Be6 19. Bb1 Rac8 20. Qc2 f5 21. Bxd6
Qxd6 22. Rde1 Bd7 23. g3 b5 24. Qd2 Qc7 25. Rxe8+ Bxe8 26. Bxf5 Qxc3 27. Qe2
Qxd4+ 28. Kg2 Rb8 29. Rd1 Qf6 30. Be6+ Bf7 31. Bxd5 Bxd5 32. Rxd5 b4 33. Qd3 Re8
34. Rd6 Re2+ 35. Kf1 Re3 36. Qc4+ Qf7 37. Rd8+ Kg7 38. Qd4+ Qf6 39. Rd7+ 1-0

[Event "63rd ch-RUS w 2013"]
[Site "Nizhny Novgorod RUS"]
[Date "2013.10.12"]
[Round "7.3"]
[White "Pogonina, Natalija"]
[Black "Gunina, Valentina"]
[Result "0-1"]
[WhiteTitle "WGM"]
[BlackTitle "GM"]
[WhiteElo "2485"]
[BlackElo "2506"]
[WhiteFideId "4147855"]
[BlackFideId "4167570"]
[EventDate "2013.10.05"]

1. e4 c6 2. d4 d5 3. e5 Bf5 4. h4 h6 5. g4 Bd7 6. h5 e6 7. f4 c5 8. c3 Qb6 9.
Nf3 Nc6 10. Kf2 f6 11. Kg3 Qc7 12. Be3 fxe5 13. fxe5 Nf6 14. Nbd2 O-O-O 15. Bd3
Be7 16. Qc2 Rdf8 17. Raf1 Be8 18. a3 Nd7 19. Kg2 Ndxe5 20. dxe5 Nxe5 21. Nxe5
Qxe5 22. Rh3 Rxf1 23. Nxf1 d4 24. cxd4 Bc6+ 25. Kg1 cxd4 26. Bc1 Rf8 27. b4 a6
28. Bxa6 Kd7 29. Be2 Bd6 30. Bd3 Bf3 31. Qa4+ Ke7 32. Qb5 Bd5 33. Qa4 Qe1 34.
Qc2 Bf3 35. Qd2 Qe5 36. Nh2 Bd5 37. g5 Bb8 38. Qe2 Qc7 39. Bd2 Qc6 40. Rh4 Bg3
41. b5 Qc7 42. Bb4+ Ke8 43. Bg6+ Kd7 44. Bxf8 Bxh4 45. Nf1 Qf4 46. Bxg7 Qxg5+
47. Kh2 Qf4+ 48. Kg1 d3 49. Bxd3 Be7 50. Qe3 Qg4+ 51. Qg3 Bc5+ 52. Bd4 Bxd4+ 53.
Kh2 Be5 0-1

[Event "63rd ch-RUS w 2013"]
[Site "Nizhny Novgorod RUS"]
[Date "2013.10.12"]
[Round "7.4"]
[White "Kovalevskaya, Ekaterina"]
[Black "Bodnaruk, Anastasia"]
[Result "0-1"]
[WhiteTitle "IM"]
[BlackTitle "IM"]
[WhiteElo "2410"]
[BlackElo "2459"]
[WhiteFideId "4116704"]
[BlackFideId "4181751"]
[EventDate "2013.10.05"]

1. e4 c5 2. Nf3 e6 3. c4 Nc6 4. Nc3 a6 5. Be2 Qc7 6. O-O Bd6 7. h3 Nd4 8. d3 Ne7
9. Be3 Nec6 10. a3 O-O 11. Rb1 f5 12. b4 Nxf3+ 13. Bxf3 cxb4 14. axb4 f4 15. Bd2
Nxb4 16. e5 Be7 17. Rxb4 Bxb4 18. Nd5 exd5 19. Bxd5+ Kh8 20. Bxb4 Rf5 21. Qg4 d6
22. Bxd6 Qd8 23. Qf3 a5 24. Re1 a4 25. Ba3 Bd7 26. e6 Be8 27. Rb1 Qf6 28. d4 Bh5
29. Qc3 f3 30. Rxb7 Qg6 31. g3 Qxg3+ 32. fxg3 f2+ 33. Kh2 f1=Q 34. Rb2 Be2 35.
g4 Rf2+ 36. Kg3 g5 37. Rb1 Rg2+ 0-1

[Event "63rd ch-RUS w 2013"]
[Site "Nizhny Novgorod RUS"]
[Date "2013.10.12"]
[Round "7.5"]
[White "Goryachkina, Aleksandra"]
[Black "Kashlinskaya, Alina"]
[Result "1-0"]
[WhiteTitle "WGM"]
[BlackTitle "WGM"]
[WhiteElo "2436"]
[BlackElo "2435"]
[WhiteFideId "4147103"]
[BlackFideId "4198026"]
[EventDate "2013.10.05"]

1. d4 d5 2. c4 e6 3. Nf3 Nf6 4. Nc3 c5 5. e3 Nc6 6. Bd3 dxc4 7. Bxc4 cxd4 8.
exd4 Be7 9. O-O O-O 10. Bg5 Nd5 11. Bxd5 Bxg5 12. Bxc6 bxc6 13. Nxg5 Qxg5 14.
Qa4 Bb7 15. Ne4 Qb5 16. Qc2 Qf5 17. Rac1 Rfd8 18. Nc5 Qxc2 19. Rxc2 Rab8 20. Rc4
Bc8 21. b3 a5 22. f4 Ra8 23. Rd1 Ba6 24. Rc2 Bb5 25. a4 Ba6 26. Kf2 Rd5 27. g4
g5 28. Ne4 Kg7 29. Nxg5 Rb8 30. Rxc6 Bc8 31. Rc7 Bd7 32. Rd3 Rb4 33. Ke3 1-0

[Event "63rd ch-RUS w 2013"]
[Site "Nizhny Novgorod RUS"]
[Date "2013.10.13"]
[Round "8.2"]
[White "Kovanova, Baira"]
[Black "Pogonina, Natalija"]
[Result "0-1"]
[WhiteTitle "WGM"]
[BlackTitle "WGM"]
[WhiteElo "2396"]
[BlackElo "2485"]
[WhiteFideId "4164083"]
[BlackFideId "4147855"]
[EventDate "2013.10.05"]

1. c4 e6 2. Nc3 d5 3. d4 Nf6 4. Nf3 Be7 5. e3 O-O 6. Be2 b6 7. cxd5 Nxd5 8. e4
Nxc3 9. bxc3 Bb7 10. Bd3 c5 11. O-O Nd7 12. Qe2 Rc8 13. Rd1 Qc7 14. Be3 Rfd8 15.
Rac1 Nf8 16. e5 cxd4 17. cxd4 Qd7 18. Bb5 Qd5 19. Bc4 Qa5 20. Nd2 Bd5 21. Bxd5
Qxd5 22. Qa6 Qa8 23. h3 Ng6 24. Nf3 h6 25. a4 Bf8 26. a5 bxa5 27. Qxa5 Rd7 28.
Rxc8 Qxc8 29. d5 exd5 30. Rxd5 Rxd5 31. Qxd5 a6 32. Nd4 Qc5 33. Qa8 Qc4 34. Nf5
Qd3 35. g4 Kh7 36. Qe8 Qd1+ 37. Kh2 Qd5 38. f4 a5 39. Qa4 Bb4 40. Qc2 Kg8 41.
Qb2 Bf8 42. Qc2 Ne7 43. Nd4 Qd7 44. Qe4 Qd5 45. Qc2 a4 46. Qxa4 Qe4 47. Qb3 Nd5
48. Nf5 g6 49. Ng3 Qf3 50. Qb7 Be7 51. e6 fxe6 52. Bd4 Qxf4 53. Qc8+ Kf7 54. Qh8
Qd2+ 55. Kh1 Nf4 56. Qg7+ Ke8 57. Qh8+ Bf8 0-1

[Event "63rd ch-RUS w 2013"]
[Site "Nizhny Novgorod RUS"]
[Date "2013.10.13"]
[Round "8.3"]
[White "Gunina, Valentina"]
[Black "Kovalevskaya, Ekaterina"]
[Result "1/2-1/2"]
[WhiteTitle "GM"]
[BlackTitle "IM"]
[WhiteElo "2506"]
[BlackElo "2410"]
[WhiteFideId "4167570"]
[BlackFideId "4116704"]
[EventDate "2013.10.05"]

1. d4 d5 2. c4 e6 3. Nc3 c5 4. cxd5 exd5 5. Nf3 Nc6 6. dxc5 Bxc5 7. Qxd5 Qb6 8.
e3 Nf6 9. Qb3 Qxb3 10. axb3 O-O 11. Bc4 Bf5 12. O-O Rad8 13. Bd2 a6 14. Rfc1 Be7
15. Be1 Nb4 16. Nd4 Bg6 17. Rd1 Rd7 18. Be2 Rfd8 19. Na4 Nc2 20. Nxc2 Bxc2 21.
Rxd7 Nxd7 22. b4 b5 23. Nc3 Nb8 24. Rc1 Bf5 25. g4 Be6 26. Ne4 Rc8 27. Rxc8+
Bxc8 28. h3 Nd7 29. f4 Kf8 30. Nf2 Bb7 31. e4 f6 32. Bc3 Bd6 33. Bd2 Ke7 34. Bf3
h6 35. Bg2 Bc8 36. Nd3 Nf8 37. Kf2 Ne6 38. e5 fxe5 39. fxe5 Bc7 40. Be3 Bd8 41.
Bc6 Ng5 42. Nf4 Kf7 43. Bc5 Ne6 44. Bd5 Bg5 45. Nd3 Ke8 46. Bd6 Bd8 47. Nc5 Bb6
48. Kf3 Bxc5 49. bxc5 a5 50. Ke3 Kd8 51. c6 Nc7 52. Be4 h5 53. Bf5 hxg4 54. hxg4
Ne6 55. Ke4 Ke8 56. Ke3 Kf7 57. Bd3 b4 58. Bc4 Kg6 59. Bd3+ Kf7 60. Bf5 Ba6 61.
Kd2 Bc8 62. c7 Ke8 63. Bd3 Kf7 64. Be4 a4 65. Kc2 a3 66. bxa3 bxa3 67. Kc3 Ke8
68. Bf5 Kd7 69. Kb3 Bb7 70. Kxa3 Bd5 71. Kb4 Kc8 72. Kc3 Kb7 73. Kd3 Ba2 74. Ke4
g6 75. Bxe6 Bxe6 76. Kf4 Kc6 77. Kg3 g5 78. Kf3 Kb6 79. Be7 Kxc7 80. Bxg5 Kd7
81. Bf6 Ke8 82. Kf4 Kf7 83. Kg5 Bd7 84. Bd8 Be6 85. Kf4 Bd7 86. Bf6 Be6 87. g5
Kg6 88. Ke4 Kf7 89. Kd4 Bf5 90. Kc5 Bg4 91. Kd6 Bf5 92. Bd8 Bg4 93. Ba5 Bf5 94.
Bd2 Bg4 1/2-1/2

[Event "63rd ch-RUS w 2013"]
[Site "Nizhny Novgorod RUS"]
[Date "2013.10.14"]
[Round "9.2"]
[White "Kovalevskaya, Ekaterina"]
[Black "Kovanova, Baira"]
[Result "1/2-1/2"]
[WhiteTitle "IM"]
[BlackTitle "WGM"]
[WhiteElo "2410"]
[BlackElo "2396"]
[WhiteFideId "4116704"]
[BlackFideId "4164083"]
[EventDate "2013.10.05"]

1. e4 e5 2. Nf3 Nc6 3. Nc3 Nf6 4. g3 Bc5 5. Bg2 d6 6. d3 a6 7. O-O Be6 8. h3 h6
9. Be3 Bxe3 10. fxe3 Qd7 11. Kh2 O-O-O 12. d4 exd4 13. exd4 d5 14. e5 Ne4 15.
Ne2 g5 16. Nd2 h5 17. c3 Nxd2 18. Qxd2 Ne7 19. Nc1 Nf5 20. Nd3 Qe7 21. Qe1 Rhg8
22. Nc5 g4 23. Rxf5 Bxf5 24. h4 Kb8 25. Qe3 Bc8 26. Rf1 f6 27. Rxf6 Rgf8 28.
Rxf8 Qxf8 29. Nd3 Qf5 30. Nf4 Qc2 31. Qe2 Qxe2 32. Nxe2 c6 33. Nf4 Rh8 34. Kg1
Bf5 35. Kf2 Kc7 36. Ke3 Kd7 37. Bf1 a5 38. c4 Be4 39. Be2 Kc7 40. Ne6+ Kc8 41.
Nf4 Kd8 42. a3 Rh6 43. Bd1 b5 44. cxb5 cxb5 45. Bb3 Rc6 46. Kd2 Ke7 47. Nxd5+
Bxd5 48. Bxd5 Rc8 49. Be4 Ke6 50. Ke3 b4 51. axb4 axb4 52. Bd3 Rc1 53. b3 Re1+
54. Kf2 Rc1 55. Ke3 Re1+ 56. Kf2 Rc1 1/2-1/2

[Event "63rd ch-RUS w 2013"]
[Site "Nizhny Novgorod RUS"]
[Date "2013.10.14"]
[Round "9.4"]
[White "Goryachkina, Aleksandra"]
[Black "Bodnaruk, Anastasia"]
[Result "1/2-1/2"]
[WhiteTitle "WGM"]
[BlackTitle "IM"]
[WhiteElo "2436"]
[BlackElo "2459"]
[WhiteFideId "4147103"]
[BlackFideId "4181751"]
[EventDate "2013.10.05"]

1. d4 Nf6 2. c4 e6 3. Nf3 c5 4. e3 b6 5. Bd3 Bb7 6. O-O g6 7. b3 Bg7 8. Bb2 O-O
9. Nc3 cxd4 10. Nxd4 a6 11. Be2 Qc7 12. Bf3 Nc6 13. Nxc6 Bxc6 14. Ba3 Rfd8 15.
Bd6 Qb7 16. Rc1 Ne8 17. Be7 Rdc8 18. Bxc6 Rxc6 19. Ne2 d6 20. Bh4 b5 21. Qd3 Rc5
22. Bg3 Rac8 23. cxb5 axb5 24. Rxc5 dxc5 25. Rc1 c4 26. bxc4 bxc4 27. Rxc4 Qa6
28. Rc3 Qa5 29. Rc1 Bb2 30. Rd1 Qxa2 31. h3 Bf6 32. Nd4 Rd8 33. Qb5 Qd5 34. Qxd5
Rxd5 35. Rd2 h5 36. Nf3 Rxd2 37. Nxd2 Ba1 38. Nc4 Nf6 39. Be5 Bxe5 40. Nxe5 Kg7
41. h4 1/2-1/2